000 00307nam a22000977a 4500
008 150728b xxu||||| |||| 00| 0 eng d
010 _8HCCRSARF: 039
245 _aHIGH COURT CRIMINAL SESSION No.100 of 1990 Uganda Vs Rili Yofesi
260 _aHigh Court Kampala
500 _3Before: Hon. Mr. Ag Justice I. Mukanza
999 _c8290
_d8290